Argentine Cuisine by Picture - Statistics

General Stats
  • This quiz has been taken 8 times
  • The average score is 11 of 20
Answer Stats
Picture Hint Answer % Correct
Dulce de leche
100%
Empanadas
100%
Yerba mate
100%
Alfajores
83%
Choripán
83%
(Not croissants) Medialunas
83%
Ñoquis
83%
Asado
67%
Milanesa
67%
Chimichurri
50%
(Specific type of wine) Malbec
50%
Fernet con coca
33%
Fugazzetta
33%
Locro
33%
Provoleta
33%
Fainá
17%
Matambre
17%
Postre vigilante
17%
Salsa golf
17%
Sándwiches de miga
17%
No matching quizzes found
Score Distribution
Percent of People with Each Score
Percentile by Number Answered
Your Score History
You have not taken this quiz